Elementos para una semiótica del texto artístico (Record no. 176948)

MARC details
000 -LEADER
campo de control de longitud fija 00663nam a22002055i 4500
001 - NÚMERO DE CONTROL
campo de control 176948
003 - IDENTIFICADOR DE NÚMERO DE CONTROL
campo de control ES-MaACL
005 - FECHA Y HORA DE LA ÚLTIMA TRANSACCIÓN
campo de control 20240430133451.0
008 - DATOS DE LONGITUD FIJA--INFORMACIÓN GENERAL
campo de control de longitud fija 110221s1978 sp |||| | spa d
020 ## - NÚMERO INTERNACIONAL ESTÁNDAR DEL LIBRO
Número Internacional Estándar del Libro 84-376-0135-5
080 ## - NÚMERO DE LA CLASIFICACIÓN DECIMAL UNIVERSAL
Número de la Clasificación Decimal Universal 801:7.01
245 00 - MENCIÓN DEL TÍTULO
Título Elementos para una semiótica del texto artístico
Resto del título : (poesía, narrativa, teatro, cine) /
Mención de responsabilidad, etc. Jenaro Talens ... [et al.].
260 ## - PUBLICACIÓN, DISTRIBUCIÓN, ETC.
Lugar de publicación, distribución, etc. Madrid :
Nombre del editor, distribuidor, etc. Cátedra,
Fecha de publicación, distribución, etc. D. L. 1978.
300 ## - DESCRIPCIÓN FÍSICA
Extensión 238 p. ;
Dimensiones 21 cm.
504 ## - NOTA DE BIBLIOGRAFÍA, ETC.
Nota de bibliografía, etc. Bibliografía: p. 229-238.
650 #4 - PUNTO DE ACCESO ADICIONAL DE MATERIA--TÉRMINO DE MATERIA
Término de materia o nombre geográfico como elemento de entrada Semiótica y arte.
9 (RLIN) 17042
700 ## - ENTRADA AGREGADA--NOMBRE PERSONAL
Nombre de persona Talens, Jenaro,
Fechas asociadas al nombre 1946-
9 (RLIN) 235316
852 ## - LOCALIZACIÓN
Ubicación ES-MaACL
Número de control de estantería E-14371
Holdings
Estatus retirado Estado de pérdida Estado de daño No para préstamo Biblioteca de origen Biblioteca actual Ubicación en estantería Fecha de adquisición Fuente de adquisición Total de préstamos Signatura topográfica completa Código de barras Visto por última vez Precio de reemplazo Tipo de ítem Koha
        Biblioteca del Ateneo de Madrid Biblioteca del Ateneo de Madrid Depósito 2 21/02/2011     E-14371 1185849 23/02/2023 23/02/2023 Libro impreso